[Event "Madrid"]
[Site "Madrid"]
[Date "1995.??.??"]
[Round "5"]
[White "Short, Nigel D"]
[Black "Salov, Valery"]
[Result "0-1"]
[WhiteElo "2655"]
[BlackElo "2715"]
[Annotator "Salov,V"]
[PlyCount "82"]
[EventDate "1995.05.??"]
[EventType "tourn"]
[EventRounds "9"]
[EventCountry "ESP"]
[EventCategory "16"]
[SourceTitle "CBM 047"]
[Source "ChessBase"]
[SourceDate "1995.08.01"]
[SourceVersion "1"]
[SourceVersionDate "1995.08.01"]
[SourceQuality "1"]

1. e4 {Hecht Boensch Ftacnik} c5 2. Nf3 Nc6 3. d4 cxd4 4. Nxd4 Nf6 5. Nc3 d6 6.
Bg5 e6 7. Qd2 a6 8. O-O-O h6 9. Be3 Nxd4 10. Bxd4 b5 11. f4 Be7 (11... Bb7 {
Boensch} 12. Qe3 Qc7 13. Bb6 Qc8 $2 14. e5 $16 {Nunn-Fedorovic/Wijk/1991/}) 12.
Bd3 b4 (12... Bb7 {Boensch} 13. Rhe1 O-O 14. Kb1 b4 15. Ne2 (15. Na4 Bc6 16.
Nb6 Rb8 17. Nc4 $1 Nxe4 18. Bxe4 Bxe4 19. Rxe4 d5 20. Re3 dxc4 21. Qe2 $16 {
Dvoirys,S-Nalbandian,T Biel (izt) 1993 1-0 27}) 15... Nxe4 16. Bxe4 Bxe4 17.
Bxg7 Rc8 18. Nd4 Bxc2+ 19. Nxc2 Kxg7 {1/2 Dimitrov,V-Sakaev,K Elenite-B (03)
1994 -EXP 43}) 13. Ne2 Qa5 (13... e5 {Boensch} 14. Be3 Rb8 15. Kb1 O-O 16. Rhf1
(16. h3 $5) 16... Qa5 17. fxe5 dxe5 18. Ng3 (18. h3 $142) 18... Be6 19. b3 Ng4
20. Bg1 Bc5 $15 {Dvoirys,S-Serper,G Gausdal International (5) 1991}) 14. Bxf6
$2 {N} (14. Kb1 e5 15. Be3 Ng4 (15... Be6 {Boensch} 16. b3 Ng4 17. f5 Bd7 18.
Ng3 Nf6 19. Qe2 Bb5 20. Bc1 O-O 21. Nh5 Nxh5 22. Qxh5 Rfc8 23. Rhf1 Qc7 24. Qe2
Bf6 25. Bb2 Bxd3 26. Rxd3 {1/2 Dvoirys,S-Makarov,M Budapest Spring op 1992})
16. Bg1 (16. Bc4 {Ftacnik} O-O 17. h3 Nf6 18. Ng3 Qc7 19. b3 Be6 20. fxe5 dxe5
21. Bd3 a5 22. Rhf1 a4 23. Nf5 Bxf5 24. Rxf5 $13 {Brodskij,M-Makarov,M/
URS-ch58 (08)/1991/0.5 (45)}) 16... Be6 17. b3 exf4 18. Nxf4 Ne5 {Dvoirys,
S-Makarov,M/USSR/1990/} 19. Bd4 $14 {Dvoirys-Makarov,USSR 1990}) 14... Bxf6 15.
Bc4 (15. e5 dxe5 16. Be4 Ra7 17. Qd6 (17. Bc6+ Kf8 18. Qd6+ Be7 $17) 17... Be7
(17... Qc7 $2 18. Bc6+ Bd7 19. Bxd7+ Qxd7 20. Qb8+ $18) 18. Qc6+ Bd7 19. Rxd7
Rxd7 20. Rd1 Qc7 21. fxe5 Kd8 (21... Bg5+ 22. Kb1 Ke7 23. Rxd7+ Qxd7 24. Qc5+
Kd8 25. Nd4 $40) 22. Nd4 Bg5+ 23. Kb1 Qxc6 24. Bxc6 Kc7 25. Bxd7 Kxd7 26. h4
Bd8 $15) 15... O-O $1 (15... Qc5 {Ftacnik} 16. Bb3 Be7 17. Ba4+ $14) (15... Be7
{Boensch} 16. g4 Bb7 17. Ng3 O-O 18. h4 $40) 16. Qxd6 Bb7 {^^} (16... Rd8 {
Ftacnik} 17. Qc6 $14) 17. Qd3 (17. e5 {Ftacnik} Rad8 $17 (17... Rfd8 $17 {
Boensch})) 17... Rfd8 (17... Qc5 $5 18. e5 Rfd8 (18... Be7 {Boensch} 19. Rhg1
Rfc8 20. Bb3 a5 $44) 19. Nd4 Bh4 $44) 18. Qe3 (18. Qb3 $2 {Ftacnik} Bxe4 19.
Bxe6 fxe6 20. Qxe6+ Kh8 21. Qxe4 Qxa2 $17) 18... Rdc8 $1 (18... Qc7 $5 {Boensch
} 19. Bb3 a5 20. Ba4 Qc4 $17) 19. Bb3 Qc5 {Boensch: Auch im Endspiel wiegt das
^^ den Minus-P auf.} 20. Qxc5 (20. Qf3 {Ftacnik} a5 $40) 20... Rxc5 21. Ng3 (
21. e5 {Ftacnik} Bh4 {P g2} 22. Rd7 Bxg2 23. Rhd1 Bc6 $17 {^^}) 21... a5 22.
Ba4 (22. e5 {Ftacnik} Bh4 $17) 22... Bh4 $1 23. Rhe1 (23. Rd4 {Ftacnik} g5)
23... g5 (23... Bxg3 {Boensch} 24. hxg3 Rc4 25. e5 (25. Rd7 Rxe4 26. Red1 Bd5
27. Bb3 $10) 25... Bxg2 26. Rd7 $14) 24. fxg5 $2 (24. f5 {Ftacnik} exf5 25.
exf5 Bxg2 $15 (25... Bxg3 {Boensch} 26. hxg3 Rxf5 $15)) (24. Rd7 $142 gxf4 25.
Rxb7 fxg3 26. hxg3 Bxg3 $17) 24... Bxg5+ (24... Bxg3 {Boensch} 25. hxg3 Rxg5
26. Rd7 $14) 25. Kb1 Rd8 {Boensch: Tauscht den passiven Ra8 und verhindert das
Eindringen des weißen R auf der siebenten Reihe.} 26. Rd3 (26. Rxd8+ {Ftacnik}
Bxd8 27. Rd1 Bc7 $44 (27... Bc7 {Boensch} 28. Rd7 Bxg3 29. Rxb7 Bxh2 $15))
26... Ba6 27. Rxd8+ Bxd8 28. Re3 (28. Rd1 {Boensch} Bc7 29. Rd7 Bc8 30. Rd4 Bb7
$15) 28... h5 $1 (28... Bc7 {Boensch} 29. Rf3 {/\ Be8} Kf8 $44) 29. a3 h4 30.
axb4 (30. Nh1 Bb6 $19 (30... Rc4 {Ftacnik} 31. axb4 axb4)) (30. Ne2 $2 {Boensch
} Bg5 $19) 30... Rg5 $1 $19 (30... axb4 {Ftacnik} 31. Nh1 Rc4 $44 {/\ Rd4}) 31.
b5 (31. Nh1 {Boensch} Rxg2 32. b5 Bb7 33. Re1 Rxh2 $19) (31. Ne2 $2 {Boensch}
Bb6 $19) 31... Bb7 (31... hxg3 $2 {Ftacnik} 32. bxa6 gxh2 33. Rh3 Bb6 (33...
Rxg2 $2 34. a7 $18) 34. Rxh2 $16) 32. Rd3 (32. Nf1 {Ftacnik} Rxg2 33. c4 Bb6
$17 (33... Bb6 {Boensch} 34. Re1 Bd4 $15)) 32... Bb6 33. Rd6 (33. Rd7 hxg3 (
33... Ba8 $17 {Boensch}) 34. h4 Bxe4 35. hxg5 Bxg2 $19) (33. Nf1 {Ftacnik} Rxg2
34. Rd6 Bc5 35. Rd8+ Kg7 $19) 33... hxg3 34. h4 Rg4 35. Rxb6 Bxe4 {Hecht:
RB<->RB. Beiderseits verbubundene Freibauern. Taktik. R-beherrschung.} 36. Rc6
(36. Rb8+ {Ftacnik} Kg7 37. b6 Bxg2 38. Bb5 Bd5 39. Bf1 Rf4 40. Bh3 Rxh4 $19)
36... Bxg2 (36... Bxc6 {Ftacnik} 37. bxc6 Rxh4 (37... Rxa4 $4 38. b3 Rxh4 39.
c7 $18) (37... Rc4 {Hecht} 38. b3 Rc5 39. Kb2 Kf8 40. c3 Ke7 41. b4 axb4 42.
cxb4 Rc4 43. Kb3 Rc1 44. Kb2 (44. b5 $5 Kd6 45. Kb4 Rh1 (45... Rg1 46. b6 Rxg2
47. c7 $18) (45... Kc7 46. Ka5 Rb1 47. h5 f5 48. h6 f4 49. h7 Rh1 50. b6+ $18)
46. b6 Rxh4+ 47. Kb5 (47. Ka5 Rxa4+ 48. Kxa4 Kxc6 49. Ka5 Kb7 $19) 47... Rh8 (
47... Rxa4 48. b7 Kc7 49. Kxa4 f5 50. Kb5 f4 51. Ka6 f3 52. Ka7 $18) (47... Rh1
48. Ka6 Rc1 49. Kb7 f5 50. c7 f4 51. c8=Q Rxc8 52. Kxc8 f3 53. b7 $18) 48. Ka6
Ra8+ 49. Kb7 Rxa4 50. c7 Rc4 51. c8=Q Rxc8 52. Kxc8 $18) 44... Rc4 45. Kb3) (
37... Kf8 38. Bb5 Ke7 39. c7 Rg8 40. Ba6 Kd7 41. c8=Q+ Rxc8 42. Bxc8+ Kxc8 43.
h5 $18) 38. Bb5 Rh5 39. c4 Kf8 $19) 37. b6 (37. Rc8+ {Boensch} Kg7 38. b3 Bd5
$19) 37... Rxa4 (37... Bxc6 {Ftacnik} 38. Bxc6 Rxh4 39. c3 Kg7 40. b7 Rh8 41.
Kc2 f5 $19) 38. b7 Rb4 39. Rc8+ Kg7 40. b8=Q Rxb8 41. Rxb8 Bd5 (41... Bd5 {
Ftacnik} 42. c4 Be4+ 43. Ka2 g2 $19) 0-1

[Event "Munich SKA"]
[Site "Munich"]
[Date "1994.06.01"]
[Round "10"]
[White "Huebner, Robert"]
[Black "Lutz, Christopher"]
[Result "1-0"]
[WhiteElo "2610"]
[BlackElo "2595"]
[Annotator "Schlosser,P"]
[PlyCount "81"]
[EventDate "1994.05.21"]
[EventType "tourn"]
[EventRounds "11"]
[EventCountry "GER"]
[EventCategory "16"]
[SourceTitle "CBM 042"]
[Source "ChessBase"]
[SourceDate "1994.10.01"]
[SourceVersion "1"]
[SourceVersionDate "1994.10.01"]
[SourceQuality "1"]

{CBM 43} 1. e4 {Boensch} c5 2. Nf3 d6 3. d4 cxd4 4. Nxd4 Nf6 5. Nc3 Nc6 6. Bg5
e6 7. Qd2 a6 8. O-O-O h6 9. Be3 Be7 10. f4 Bd7 11. Kb1 (11. Be2 b5 12. Bf3 Rc8
13. Kb1 (13. Rhe1 Qc7) (13. Nb3 Na5) 13... Na5 14. Qf2 Nc4 15. g4 g5 $1 16.
fxg5 hxg5 17. Bc1 {Kamsky,G-Atalik,S/Tilburg/1993/1-0 (66)} Nh7 $5 {/\ Nf8-g6
=/+ xe5}) (11. Nf3 b5 12. Bd3 Qc7 13. Kb1 Na5 $6 14. e5 b4 15. exf6 bxc3 16.
fxg7 Rg8 17. Qe1 Bf6 18. f5 $36 {Polgar,J-Atalik,S/Oviedo 25' (11)/1993/1-0 
(29)}) (11. Qe1 Qc7 12. Kb1 b5 13. Bd3 O-O (13... Rc8 $5 {Chekhov}) 14. Qg3 {
/\ 15.e5|^ /Dvoirys,S-Lerner,K/Podolsk/1993/1-0 (53)}) (11. Bd3 b5 12. h3 (12.
Kb1 {- Partie}) 12... Nxd4 (12... O-O 13. g4 Nxd4 14. Bxd4 Bc6 (14... b4 15.
Ne2 e5 16. Be3 Qa5 17. Kb1 {- 12...Nd4}) 15. g5 hxg5 16. Rdg1 Nh5 17. h4 $36 {
Luther,T-Kramnik,V/BL9394/1994/0,5 (24)}) 13. Bxd4 b4 14. Ne2 e5 15. Be3 Qa5
16. Kb1 O-O 17. g4 exf4 $1 (17... Rfd8) 18. Nxf4 (18. Bxf4 Be6 19. Nc1 d5 20.
e5 Ne4 21. Qe2 Qb6 22. Bxe4 dxe4 23. Qxe4 a5 $44 {Chandler,M-Lutz,C/BL9394/
1994/0,5 (56)}) 18... Bc6 19. Bd4 Nxe4 20. Qe3 (20. Bxe4 Bxe4 21. Rhe1 d5 22.
Bxg7 Rfc8 $17 {Nunn,J-Greenfeld,A/Pardubice (01)/1993/0-1 (37)}) 20... d5 21.
Bxe4 dxe4 22. h4 $44 {Shabalov,A-Sher,M/Biel op/1992/1-0 (61)}) (11. h3 $5 {
/\g4; Huebner}) 11... b5 12. Bd3 Qc7 (12... O-O 13. Rhf1 (13. g4 $5 {Boensch}
Nxg4 14. Rhg1 Nxe3 15. Qxe3 Kh8 16. e5 Nxd4 17. Qxd4 Bc6 18. f5 dxe5 19. Qg4
Bf6 20. fxe6 Qe7 21. exf7 Qxf7 22. Qf5 Qg8 23. Ne4 Rad8 24. Nxf6 Rxf6 25. Qxe5
$10 {Polgar,J-Salov,V/Madrid (09)/1994/0,5 (28)}) (13. e5 $5) (13. h3 Nxd4 14.
Bxd4 Bc6 15. Qe3 Qc7 16. e5 dxe5 17. Bxe5 Qb7 18. Rhg1 Rad8 19. g4 $40 {
Brodskij,M-Maiwald,J/Bucharest Ciocaltea (03)/1994/1-0 (37)}) 13... Ng4 (13...
Nxd4) (13... Qc7) 14. Nxc6 Bxc6 15. Bg1 Nf6 16. e5 dxe5 17. fxe5 Nd7 18. Bd4
Bc5 $10 {Short,N-Kramnik,V/Amsterdam/1993/1-0 (41)} (18... Bc5 19. Be4 Qc7 $10
{Short,N-Kramnik,V/Amsterdam VSB (4)/1993/1-0 (40)})) (12... Rc8 {Boensch}) (
12... Nxd4 {Boensch}) (12... b4 {Boensch} 13. Nce2 Qc7 14. h3 Nxd4 15. Bxd4 e5
16. Bf2 (16. Be3 {Boensch} Qb7 17. Ng3 O-O 18. Rhf1 Rfc8 19. Qf2 Rc6 20. fxe5
dxe5 21. Nf5 Bxf5 22. Qxf5 Bc5 23. Bxc5 Rxc5 24. g4 $14 {Balashov,Y-Dorfman,I/
URS-43ch Erevan/1975/}) 16... a5 17. g4 Bc6 18. Ng3 g6 19. Be3 h5 20. fxe5 dxe5
21. gxh5 Nxh5 22. Nxh5 Rxh5 $10 {Kavalek,L-Kortchnoj,V/Ostrava (05)/1994/0-1 
(42)}) 13. Rhe1 (13. h3 Na5 (13... O-O) 14. g4 b4 15. Nce2 Nc4 16. Bxc4 Qxc4
17. Ng3 a5 18. Rhf1 Qa6 19. g5 $16 {Hodgson,J-Csom,I/Tel-Aviv/1988/1-0 (29)})
13... b4 $2 {Wenn Schwarz b4 und e5 spielen will, sollte er zuerst auf d4
tauschen, damit Weiß nicht sofort Nf5 spielen kann.} (13... Na5 $5 14. e5 dxe5
15. fxe5 Qxe5 16. Nf5 {Hazai,L}) (13... O-O 14. h3 Na5 (14... Nxd4 15. Bxd4 b4
16. Ne2 e5 17. Be3 $13 {Fogarasi,T-Wells,P/Budapest FS JunGM (09)/1994/1-0 (52)
}) 15. Qf2 $6 (15. g4 {Bönsch,U}) (15. e5 b4 16. exf6 bxc3 17. Bh7+ Kxh7 18.
Qd3+ Kg8 19. fxe7 Rfe8 20. b3 Rxe7 21. Ne2 {xNa5 Adams,M}) 15... b4 16. Nce2
Nc4 17. Bc1 a5 $36 {Ehlvest,J-Ivanchuk,V/Terrassa/1991/0,5 (36)}) (13... Nxd4 {
Boensch} 14. Bxd4 e5 (14... b4 $5) 15. Be3 Be6 $14) (13... Na5 $5 {Boensch})
14. Nce2 O-O 15. h3 e5 16. Nf5 Bxf5 17. exf5 e4 (17... Na5 18. Qxb4 Rfb8 (18...
Nd5 19. Qd2 Nxe3 20. Qxe3 $16) 19. Qc3 $16) 18. Bc4 d5 (18... Na5 $5 {Boensch}
19. Bb3 Nxb3 20. cxb3 (20. axb3 a5 {/\a4->}) 20... d5 21. g4 Rfd8 22. g5 Nh5
23. f6 $40) 19. Bb3 Na5 (19... a5 20. Ba4 $16) 20. g4 Nc4 21. Bxc4 dxc4 22. Bd4
(22. g5 c3 $132) 22... c3 23. Qe3 $1 $40 cxb2 24. g5 Rfc8 25. Qb3 hxg5 26. fxg5
Ne8 (26... Nd5 27. f6) (26... Nh5 {Boensch} 27. f6 gxf6 28. gxf6 (28. g6 $2 Qc4
29. gxf7+ Kxf7 $15) 28... Bxf6 29. Rg1+ $16) 27. f6 Bf8 28. fxg7 Nxg7 (28...
Bxg7 $5 {Boensch}) 29. g6 Qc4 (29... Ne6 30. gxf7+ Qxf7 31. Rf1 Qe8 32. Rf6 Rc6
33. Nf4 $18) 30. gxf7+ Qxf7 31. Qxb2 Rc6 {DIAGRAMM} 32. Rf1 $1 $18 {?
Zeitverlust Huebner} (32. Rg1 $1 {/\33.Tdf1 Hiermit war ein einfacher Gewinn
zu erzielen. Huebner} Rg6 33. Rxg6 Qxg6 34. Rg1 Qf7 35. Ng3 {Schwarz hat keine
ausreichende Verteidigung gegen die Drohungen des Weißen.} Rd8 (35... Kh7 36.
Nxe4 $40 {+-}) (35... Re8 36. Bxg7 (36. Nh5 Qxh5 37. Bxg7 {Der schwarze König
wird schließlich zu Tode gejagt.} Qf7 {Hiermit kann sich Schwarz allerdings
noch eine Zeitlang halten.}) 36... Bxg7 (36... Qxg7 37. Ne2 $18) 37. Nf5 $18)
36. Nxe4 $18 {DIAGRAMM} (36. Nh5 Qxh5 37. Bxg7 Rd1+ {Diese Zugfolge ist dem
Anziehenden nicht zu empfehlen.}) (36. Bxg7 Qxg7 37. Ne2 Qxg1+ 38. Nxg1 Rd1+ {
Dies ist auch verkehrt.}) (36. Nf5 Qxf5 37. Bxg7 Qf2 38. Bd4+ Qxg1+ 39. Bxg1
Rd1+ 40. Qc1 Rxc1+ 41. Kxc1 Kf7 $10) 36... a5 37. Ng5 (37. Nf6+ $2 Kh8 38. Rg4
Nf5 {Schwarz kann sich noch verteidigen.} 39. Rg8+ Qxg8 40. Nxg8+ Rxd4) 37...
Qd5 38. Ne6 $18 {Huebner}) 32... Qe8 33. Rg1 Rd8 34. Rdf1 {Dieser Zug ist
nicht der stärkste und vergibt den Sieg endgültig. Huebner} (34. Nf4 Rcd6 {
Huebner}) (34. Qb3+ Kh7 {Dies bringt den Weißen nicht weiter.} 35. Rg4 Qe6 {
Huebner}) (34. Rg4 {Dieser Zug hätte wohl zum Gewinn geführt. Huebner} Kh7 {
am zähesten} (34... Rg6 35. Qb3+ Kh7 36. Rh4+ Rh6 37. Rxh6+ Kxh6 38. Qg8 Nf5
39. Rg1 $18 {Huebner}) (34... Rdd6 35. Rdg1 Rg6 36. Qb3+ Kh7 37. Nf4 Rxg4 38.
hxg4 $18 {Der Angriff des Weißen wird durchdringen. Huebner} Ne6 (38... Rh6 39.
g5 Rh4 40. Qg3 Nf5 41. g6+ Kg8 42. Qb3+) 39. Rh1+ Kg8 40. Rh8+ Kf7 41. Qd5) 35.
Ng3 {Dieser Zug gibt dem Weißen vorzügliche Gewinnaussichten.} (35. Rh4+ Rh6
36. Rxh6+ Kxh6 37. Rg1 Rd7 {Weil die weiße Dame nicht unmittelbar in den Kampf
am Königsflügel eingreifen kann, hat Schwarz ausreichende
Verteitigungsmöglichkeiten.}) (35. Rdg1 Nf5 $13 36. Qb3 Qe6) 35... e3 (35...
Re6 36. Re1 {/\37.Lg7, 37.Tge4}) 36. Re1 Rcd6 37. Ne4 Rxd4 38. Nf6+ {/\39.
Td4+- Huebner}) 34... Rd7 $2 {Huebner} (34... Rg6 {Huebner} 35. Qb3+ (35. Nf4
Rxg1 36. Rxg1 Rd7 (36... Qf7 37. Bxg7 $18 Bxg7 38. Rxg7+ (38. Ne6 $2 Rd1+)
38... Qxg7 39. Qxg7+ Kxg7 40. Ne6+ $18) 37. Ng6 Qd8 38. Qb3+ (38. Nxf8 Rxd4 39.
Rxg7+ Kxf8 {Dies führt zu nichts.}) 38... Kh7 39. Nxf8+ (39. Qe3 Rxd4 40. Nxf8+
Kg8 {Weiß dringt nicht durch.} 41. Ne6 (41. Rxg7+ Kxf8 {/\42... Td1, 43...
Dd4+ mit remis.}) 41... Rd1+ 42. Kb2 Qf6+ {Dies ist wenig wünschenswert.})
39... Qxf8 $13 40. Qe3 Nf5) (35. Rxf8+ Kxf8 36. Bxg7+ Kg8 {DIAGRAMM} 37. Rxg6 (
37. Bd4 Rxg1+ 38. Nxg1 Kh7 39. Ne2 Qh5 {Weiß hat keinen Vorteil.}) 37... Rd1+
38. Nc1 Qxg6 39. Be5 Qe6 {Der schwarze e-Bauer ist sehr gefährlich, die
Stellung dürfte remis sein.}) (35. Rxg6 Qxg6 36. Rg1 Qf7 37. Ng3 Qd5 38. Nf5
Qxf5 39. Bxg7 Qf2 40. Bd4+ Qxg1+ 41. Bxg1 Rd1+ 42. Qc1 Rxc1+ 43. Kxc1 Kf7 $10 {
Siehe die entsprechende Variante in den Anmerkungen zum 32.Zug von Weiß.})
35... Kh7 36. Rg4 {/\37.Th4 Th6 38.Th6 Kh6 39.Dg8+-} Qe6 (36... Ne6 $2 37. Rxe4
) (36... Rdd6 37. Nf4 {Dies ist sehr kräftig.}) 37. Qxe6 Rxe6 (37... Nxe6 38.
Rxg6 Nxd4 39. Rg2 (39. Nxd4 Kxg6 40. Ne6 Rd6 41. Nxf8+ Kg7 42. Kb2 e3 43. Kb3
e2 44. Re1 Kxf8 45. Rxe2 {Das Turmendspiel ist gewonnen.}) 39... Nf3 40. Ng3
Nd2+ 41. Rxd2 Rxd2 42. Rxf8 $18 {Huebner}) 38. Rxf8 Rxf8 39. Rxg7+ Kh6 {
Die mesten Züge des Turmes auf g7 beantwortet Schwarz mit 40... Tf3; es ist
unklar, ob der Vorteil des Weißen zum Sieg genügt. Huebner}) 35. Rg4 {Hiernach
hat Weiß eine Gewinnstellung. Huebner} Rg6 (35... Kh7 36. Qb3 {/\37.Th4 Th6 38.
Th6 Kh6 39.Dg8+-} Rh6 37. Be3 Rxh3 38. Nf4 Rh2 (38... Rh6) 39. Nd5 {Weiß
gewinnt die Qualität und hat siereichen Angriff. Huebner}) 36. Qb3+ Kh7 37. Nf4
(37. Rh4+ Rh6 38. Rxh6+ Kxh6 39. Qg8 $18 {DIAGRAMM}) (37. Rxg6 {Boensch} Kxg6
38. Qg8 $18) 37... Rxg4 (37... Rh6 38. Nd5 {xf6}) 38. hxg4 Rxd4 39. Rh1+ Nh5
40. Nxh5 (40. Rxh5+ $6 Bh6 41. Rxh6+ Kxh6 42. g5+ Kxg5 43. Ne6+) 40... Kg6 (
40... Qe7 {Boensch} 41. Nf4+ Bh6 (41... Kg7 42. Ne6+ $18) 42. Ne6 Rd6 43. Rxh6+
Kxh6 44. Qh3+ Kg6 45. Qh5+ Kf6 46. Qf5#) 41. Qg8+ 1-0

[Event "Pardubice"]
[Site "Pardubice"]
[Date "1994.??.??"]
[Round "3"]
[White "Shirov, Alexei"]
[Black "Greenfeld, Alon"]
[Result "1-0"]
[WhiteElo "2740"]
[BlackElo "2600"]
[Annotator "Schlosser,P"]
[PlyCount "47"]
[EventDate "1994.07.??"]
[EventType "tourn"]
[EventRounds "9"]
[EventCountry "CZE"]
[EventCategory "15"]
[SourceTitle "CBM 042"]
[Source "ChessBase"]
[SourceDate "1994.10.01"]
[SourceVersion "1"]
[SourceVersionDate "1994.10.01"]
[SourceQuality "1"]

1. e4 {Boensch} c5 2. Nf3 d6 3. d4 cxd4 4. Nxd4 Nf6 5. Nc3 Nc6 6. Bg5 e6 7. Qd2
a6 8. O-O-O h6 9. Be3 Be7 10. f3 Nxd4 11. Qxd4 $1 (11. Bxd4 b5 $1 (11... e5 12.
Be3 Be6 13. g4 Qa5 14. a3 b5 15. h4 b4 16. Nd5 Bxd5 17. exd5 Rb8 18. Kb1 $36 {
Shirov,A-Lutz,C/Muenchen/1993/1-0 (28)}) 12. Kb1 (12. Bd3) (12. Qf2 {Boensch}
Bd7 13. Bd3 b4 14. Ne2 e5 15. Be3 a5 16. Kb1 O-O 17. g4 Be6 18. h4 Nd7 19. g5
h5 20. f4 exf4 21. Nxf4 g6 $10 {Hort,V-Chiburdanidze,M/Monaco Veterans-Women 
(12)/1994/0,5 (49)}) 12... Rb8 $1 13. Qf2 (13. Qe3) 13... Qa5 14. Bd3 (14. h4)
14... b4 15. Ne2 e5 16. Be3 Be6 {/\ 17...d5 <=> /Liu,D-Serper,G/Jakarta (11)/
1993/0-1 (29)}) 11... Bd7 $6 {Danach kommt Schwarz nicht zu Gegenspiel.} (11...
e5 12. Qd2 {- 11.Bd4 e5 12.Be3} (12. Qb6 Qxb6 13. Bxb6 Be6 14. Nd5 Bxd5 15.
exd5 Nd7 16. Bf2 Bd8 {/\ 17...Bb6= /Kunze,M-Lutz,C/FRG-ch (07)/1991/0-1 (40)})
12... Be6 13. Kb1 Rc8 14. h4 Qa5 15. a3 b5 16. g4 b4 17. Nd5 Bxd5 18. exd5 {
Im Unterschied zur Partie Shirov,A-Lutz,C steht der schwarze Turm auf c8 statt
b8.} Qa4 19. Qxb4 $1 Qxc2+ 20. Ka2 O-O 21. Bxa6 $16 {De la Villa Garcia,
J-Ubilava,E/Leon (05)/1994/}) (11... b5 {Georgiev,Ki-Greenfeld,A/Pardubice (09)
/1994/}) (11... b5 {Boensch} 12. g4 Qa5 13. Kb1 Bb7 14. a3 Rc8 15. h4 d5 16.
exd5 Bxd5 17. Nxd5 Nxd5 18. Bd2 $14 {Georgiev,Ki-Greenfeld,A/Pardubice (09)/
1994/1-0 (47)}) 12. g4 b5 13. h4 $16 Qb8 (13... e5 14. Qd2 b4 15. Nd5 Nxd5 16.
exd5 a5 17. Bd3 {/\ 18.g5|^}) 14. Bh3 b4 15. Ne2 Bb5 16. Qd2 Nd7 17. Nd4 Ne5 (
17... Bxh4 18. Qxb4 (18. g5 {Boensch} hxg5 (18... Bxg5 19. Bxg5 hxg5 20. Bxe6
Rxh1 21. Rxh1 fxe6 22. Rh8+ Nf8 23. Nxe6 $18) 19. Bxg5 Bxg5 20. Qxg5 $40) 18...
Bf6 19. Kb1 $16) 18. b3 Nc6 19. g5 Nxd4 20. Qxd4 e5 21. Qd5 a5 22. g6 $18 fxg6
23. Rhg1 Kf8 (23... Be2 {Boensch} 24. Rxg6 Bxd1 25. Rxg7 $18) 24. Rxg6 {
Früh aber nicht unbegründet:} (24. Rxg6 Be8 25. Rxg7 Kxg7 26. Rg1+ Bg5 (26...
Kf8 27. Bxh6+ Rxh6 28. Rg8#) (26... Bg6 27. Rxg6+ Kxg6 28. Qe6+ Bf6 29. Bf5+
Kg7 30. Qd7+ Kf8 31. Bg6 Qe8 32. Bxe8 Rxe8 33. Qxd6+ $18) 27. hxg5 h5 28. f4
$40) 1-0

[Event "Leon"]
[Site "Leon"]
[Date "1994.??.??"]
[Round "5"]
[White "De la Villa Garcia, Jesus Maria"]
[Black "Ubilava, Elizbar"]
[Result "1-0"]
[WhiteElo "2470"]
[BlackElo "2535"]
[Annotator "Schlosser,P"]
[PlyCount "83"]
[EventDate "1994.05.??"]
[EventType "tourn"]
[EventRounds "9"]
[EventCountry "ESP"]
[EventCategory "12"]
[SourceTitle "CBM 042"]
[Source "ChessBase"]
[SourceDate "1994.10.01"]
[SourceVersion "1"]
[SourceVersionDate "1994.10.01"]
[SourceQuality "1"]

1. e4 {Franco} c5 2. Nf3 d6 3. d4 cxd4 4. Nxd4 Nf6 5. Nc3 Nc6 6. Bg5 e6 7. Qd2
a6 8. O-O-O h6 9. Be3 Be7 10. f3 Nxd4 11. Qxd4 $1 e5 (11... Bd7 $6 {Shirov,
A-Greenfeld,A/Pardubice (03)/1994/}) (11... b5 12. g4 Qa5 13. Kb1 {Georgiev,
Ki-Greenfeld,A/Pardubice (09)/1994/} b4 $5 14. Ne2 e5 15. Qd2 Be6 $13) 12. Qd2
{Diese Stellung entstand bisher meist nach 11.Bd4 e5 12.Be3.} Be6 13. Kb1 (13.
g4 Qa5 $6 (13... Rc8 {/\ Qa5, Rc3<=>}) (13... b5 {/\ Qa5, b4<=>}) 14. a3 $6 (
14. Qf2 $1 $16) 14... b5 15. h4 b4 16. Nd5 Bxd5 17. exd5 Rb8 18. Kb1 $36 {
Shirov,A-Lutz,C/Muenchen/1993/1-0 (28) Zugumstellung 11.Bd4 e5 12.Be3}) (13. h4
) 13... Rc8 (13... b5 {/\ 14...Qa5}) (13... Qa5 $6 14. Qf2 Nd7 15. Nd5 $16) (
13... Rb8 $5 {Franco}) 14. h4 Qa5 15. a3 (15. g4 Rxc3 16. Qxc3 Qxa2+ 17. Kc1 d5
$17 {Shirov,A}) (15. Nd5 Qxd2 16. Rxd2 (16. Nxf6+ gxf6 17. Rxd2 f5 $10) 16...
Nxd5 17. exd5 Bd7 $10) 15... b5 $2 {Wie auch die Partie Shirov,A-Lutz,C
nahelegt, ist die damit nach dem 18.Zug entstehende Struktur aufgrund des
Läuferpaars und der Schwächen am Damenflügel für Weiß günstig.} (15... Rxc3 $5
16. Qxc3 Qxc3 17. bxc3 d5 $44) 16. g4 b4 (16... Rb8 {Franco}) 17. Nd5 Bxd5 18.
exd5 {Abgesehen von dem Turm auf c8 statt b8 wurde trotz anderer Zugfolge
dieselbe Stellung wie in der besagten Vorläuferpartie erreicht.} Qa4 19. Qxb4
$1 (19. axb4 Nxd5 20. Qxd5 (20. b3 Qc6 21. Bc4 Nxe3 22. Qxe3 $13) 20... Qxc2+
21. Ka1 Qa4+ 22. Kb1 Qc2+ $10) 19... Qxc2+ 20. Ka2 O-O (20... Qxd1 21. Bb5+
axb5 22. Qxb5+ Nd7 23. Rxd1 $18) 21. Bxa6 Rb8 22. Rd2 $1 (22. Qc3 Qg2 23. Rhf1
e4 $132) 22... Qc7 (22... Rxb4 23. Rxc2 Nxd5 24. axb4 Nxb4+ 25. Kb3 Nxa6 26.
Rc6 Rb8+ 27. Rb6 $18 {o^-b2}) 23. Qc3 Qd8 (23... Qxc3 24. bxc3 Bd8 25. a4 Bb6
26. Bxb6 Rxb6 27. Bb5 $16) 24. Rc1 (24. g5 Nh5 25. gxh6 g6 $132) 24... Nh7 25.
g5 hxg5 26. hxg5 Bxg5 27. Rh1 Bxe3 28. Qxe3 Qb6 (28... Qg5 29. f4 Qxf4 30. Qh3
Qh6 31. Rdh2 $18 {x Nh7}) 29. Qxb6 Rxb6 30. Rdh2 Rxa6 31. Rxh7 f5 32. Rh8+ Kf7
33. Rxf8+ Kxf8 34. b4 Ra7 35. b5 e4 36. fxe4 fxe4 37. b6 Rb7 38. Rb1 Ke8 39. a4
e3 40. a5 e2 41. Re1 Re7 42. a6 1-0